000 00857nam a2200253Ia 4500
003 OSt
005 20221005110410.0
006 a|||||r|||| 00| 0
007 ta
008 221004b |||||||| |||| 00| 0 hin d
020 _a9789380146577 (hbk)
_c127.5
024 _a105937
037 _b12956, 18/03/2011, Kitab Ghar
_cTextual
040 _aCRL
_cCRL
_bhin
041 _2hin
_ahin
082 _aQ2:332, 152Q0
100 _aवंशी, बलदेव
245 0 _aभारतीय संत परंपरा
246 _aBhāratīya santa paranparā
260 _aनई दिल्ली
_bकिताबघर प्रकाशन भारत
_c2010
300 _a400पृ0
_ccm.
942 _hQ2:332, 152Q0
_cTEXL
_2cc
999 _c1018687
_d1018687